[Event "Regionalliga NW9798"]
[Site "Bayern"]
[Date "1998.??.??"]
[Round "?"]
[White "Weber, Dietmar"]
[Black "Ledfuss, Guntram"]
[Result "0-1"]
[WhiteElo "1960"]
[BlackElo "1960"]

1.d4 Nf6 2.Bg5 e6 3.e4 Be7 4.Bd3 d5 5.Bxf6 Bxf6 6.e5 Be7 7.h4 c5 8.Qg4 Bf8
9.c3 Qb6 10.b3 cxd4 11.cxd4 Nc6 12.Ne2 Bd7 13.Nbc3 h5 14.Qf4 Bb4 15.Rc1 Ba3
16.Rd1 Bb4 17.Bb1 Rc8 18.Rh3 Qa5 19.Kf1 Ne7 20.Rdd3 Bb5 21.Nxb5 Qxb5 22.Rdf3 Rf8
23.Bd3 Qb6 24.g4 Qa5 25.gxh5 Bd2 26.Qg4 Bh6 27.a4 a6 28.Nf4 Rc1+ 29.Kg2 Qe1
30.Ne2 Rd1 31.Re3 Qf1+ 32.Kf3 Bxe3 33.Kxe3 Qe1 34.Rg3 Qd2+ 35.Kf3 Qxd3+ 36.Kg2 Qe4+
37.Qf3 Qxf3+ 38.Kxf3 Nf5 39.Rg4 Rh8 40.Ng3 Nxg3 41.Kxg3 Kf8  0-1

[Event "Regionalliga NW9899"]
[Site "Bayern"]
[Date "1998.??.??"]
[Round "?"]
[White "Seeger, Werner"]
[Black "Kinkelin, Ulrich"]
[Result "1-0"]
[WhiteElo "2025"]
[BlackElo "1960"]

1.d4 Nf6 2.Bg5 e6 3.e4 h6 4.Bxf6 Qxf6 5.Nf3 d5 6.e5 Qd8 7.c3 c5 8.Bb5+ Nc6
9.O-O Qb6 10.Qe2 Bd7 11.dxc5 Bxc5 12.Bd3 a5 13.a4 Rc8 14.Na3 Na7 15.Nb5 Nxb5
16.axb5 Qc7 17.Ra4 f5 18.exf6 gxf6 19.Nh4 e5 20.Qh5+ Kd8 21.Qf7 Qd6 22.Ng6 Re8
23.Rxa5 e4 24.Be2 Rc7 25.Qg7 e3 26.f4 b6 27.Ra8+ Bc8 28.Qxh6 Qe6 29.f5 Qe4
30.Qf4 Qc2 31.b4 Qxe2 32.bxc5 Qxb5 33.Qd6+ Rd7 34.Qxf6+ Kc7 35.Qxb6+ Qxb6
36.cxb6+ Kxb6 37.Rb1+ Kc5 38.Kf1 Rd6 39.Rbb8 Ba6+ 40.Ke1 Rxb8 41.Rxb8 Bd3
42.Rc8+ Kb5 43.Ne5 Bxf5 44.Rf8 Be4 45.Ng4 Rc6 46.Rb8+ Kc4 47.Ne5+ Kc5 48.Nxc6 Kxc6
49.g3 Bd3 50.Re8  1-0

[Event "Biel op"]
[Site "Biel"]
[Date "1998.??.??"]
[Round "11"]
[White "Adianto, Utut"]
[Black "Pikula, Dejan"]
[Result "1/2-1/2"]
[WhiteElo "2615"]
[BlackElo "2440"]

1.d4 Nf6 2.Bg5 e6 3.e4 h6 4.Bxf6 Qxf6 5.Nc3 d6 6.Qd2 c6 7.Nge2 e5 8.f4 Be7
9.dxe5 dxe5 10.f5 O-O 11.Ng3 Qh4 12.Bd3  1/2-1/2

[Event "SLO-ch U20"]
[Site "Bled"]
[Date "1998.??.??"]
[Round "?"]
[White "Ivec, M."]
[Black "Zeljko, T."]
[Result "1/2-1/2"]
[WhiteElo "2065"]
[BlackElo "1975"]

1.d4 Nf6 2.Bg5 e6 3.Nd2 h6 4.Bh4 d6 5.e3 Nbd7 6.Bd3 c5 7.c3 Be7 8.f4 cxd4
9.exd4 O-O 10.Ngf3 Nd5 11.Bxe7 Qxe7 12.g3 Re8 13.Qe2 e5 14.fxe5 dxe5 15.O-O-O exd4
16.Qxe7 Rxe7 17.Nxd4 Nc5 18.Bc2 Bg4 19.Rde1 Rae8 20.Rxe7 Rxe7 21.N2b3 Nxb3+
22.axb3 Kf8 23.Kd2 g6 24.Re1 Rxe1 25.Kxe1 Ke7 26.Be4 Kd6 27.Kd2 Ke5 28.Kd3 Bd7
29.Bxd5 Kxd5 30.b4 a6 31.c4+ Kd6 32.Ne2 Ke5 33.Ke3 Bh3 34.b3 Bg2 35.Nc3 Bc6
36.Na4 f5 37.Nc5 g5 38.Nd3+ Kd6 39.Kd4 Be8 40.Nc5 Bc6 41.Nd3  1/2-1/2

[Event "Bodensee Cup 4th"]
[Site "Bodensee"]
[Date "1998.??.??"]
[Round "2"]
[White "Bischof, Robert"]
[Black "Doettling, Fabian"]
[Result "1/2-1/2"]
[WhiteElo "2005"]
[BlackElo "2260"]

1.d4 Nf6 2.Bg5 e6 3.e4 h6 4.Bxf6 Qxf6 5.Nc3 d6 6.Qd2 c6 7.Bc4 d5 8.e5 Qd8
9.Bd3 c5 10.f4 cxd4 11.Bb5+ Bd7 12.Bxd7+ Qxd7 13.Nce2 Qb5 14.O-O-O Nc6 15.Nxd4 Qa4
16.Kb1 Bc5 17.Ngf3 Rc8 18.c3 O-O 19.g4 Bxd4 20.Nxd4 Nxd4 21.cxd4 Rc6 22.Rc1 Rfc8
23.Rxc6 Rxc6 24.b3 Qb5 25.Rc1 a5 26.Kb2 Rxc1 27.Kxc1 a4 28.Kb2 axb3 29.axb3 Qf1
30.Ka3 Qg1 31.g5 h5 32.f5 exf5 33.Qc3 Qxg5 34.Qc8+ Kh7 35.Qxb7 Qc1+ 36.Kb4 Qd2+
37.Kc5 Qc3+ 38.Kd6 Qxd4 39.Qxd5 Qb6+ 40.Kd7 Qa7+ 41.Kc6 Qe7 42.b4 Qxb4 43.Qxf7 Qa4+
44.Kc5 Qa5+ 45.Kd4 Qd2+ 46.Kc5 Qe3+ 47.Kc4 Qe4+ 48.Kb3 Qxe5 49.Qxh5+ Kg8
50.Kc2 Qe4+ 51.Kd1 f4 52.Qg4 Qh1+ 53.Ke2 Qxh2+ 54.Kf3 Qg3+ 55.Qxg3 fxg3 56.Kxg3 Kf7
57.Kf3  1/2-1/2

[Event "Slovan op"]
[Site "Bratislava"]
[Date "1998.??.??"]
[Round "3"]
[White "Rohacek, Miroslav"]
[Black "Zetocha, Claudiu"]
[Result "0-1"]
[WhiteElo "2100"]
[BlackElo "2360"]

1.d4 Nf6 2.Bg5 e6 3.c3 b6 4.Nd2 Bb7 5.e3 d6 6.Ngf3 h6 7.Bf4 g5 8.Bg3 Nh5
9.e4 Bg7 10.Ng1 Nxg3 11.hxg3 Qe7 12.Bb5+ Nd7 13.Qe2 a6 14.Bd3 c5 15.Nb3 d5
16.dxc5 Nxc5 17.Nxc5 Qxc5 18.Rd1 b5 19.Nf3 b4 20.exd5 Bxd5 21.c4 Bc6 22.O-O O-O
23.Rd2 Rac8 24.Rfd1 Ba8 25.Nh2 a5 26.Nf1 Kh8 27.g4 Qc6 28.f3 Qc5+ 29.Kh1 Be5
30.Qe1 Bf4 31.Re2 Qc7 32.Qf2 Rfd8 33.g3 Be5 34.Red2 Kg7 35.Kg2 a4 36.Be2 Rxd2
37.Rxd2 Rd8 38.Qe3 Rxd2 39.Qxd2 Qc5 40.b3 a3 41.Ne3 Bc7 42.Nc2 Bb6 43.Qe1 Qe5
44.Bd3 Qd6 45.Be2 Bc5 46.Qa1+ Kg8 47.Qe1 Bc6 48.Bf1 Kf8 49.Qe2 h5 50.Kh3 hxg4+
51.Kxg4 f5+ 52.Kh3 Bxf3 53.Qd3 g4+ 54.Kh4 Qe7+ 55.Kh5 Qh7+ 56.Kg5 Qg7+ 57.Kh5 Kf7
58.Qd2 Qg6+  0-1

[Event "Bristol op"]
[Site "Bristol"]
[Date "1998.??.??"]
[Round "2"]
[White "Collier, David"]
[Black "Richards, John"]
[Result "1-0"]
[WhiteElo "2230"]
[BlackElo "2045"]

1.d4 Nf6 2.Bg5 e6 3.e3 c5 4.Nf3 h6 5.Bh4 g5 6.Bg3 Qb6 7.Be5 Bg7 8.Nbd2 d5
9.dxc5 Qxc5 10.Nb3 Qb6 11.Bd4 Qc7 12.Ne5 Nbd7 13.Bb5 Qa5+ 14.Nxa5  1-0

[Event "Anderlecht rap"]
[Site "Brussels "]
[Date "1998.??.??"]
[Round "?"]
[White "Degraeve, Jean Marc"]
[Black "Chuchelov, Vladimir"]
[Result "1/2-1/2"]
[WhiteElo "2580"]
[BlackElo "2540"]

1.d4 Nf6 2.Bg5 e6 3.e4 h6 4.Bxf6 Qxf6 5.Nc3 d6 6.Qd2 g5 7.O-O-O Bg7 8.g3 Nc6
9.Bb5 Bd7 10.Nge2 a6 11.Bxc6 Bxc6 12.f4 O-O-O 13.Rhf1 Qe7 14.f5 exf5 15.Rxf5 Bxe4
16.Nxe4 Qxe4 17.Rxf7 Qg6 18.Rdf1 Rhf8 19.Rxf8 Rxf8 20.Rxf8+ Bxf8 21.Qe3 Qf7
22.b3 d5 23.h3 Kd7 24.g4 Bd6 25.Kb2 b5 26.Qd3 Qf1 27.Nc1 Ba3+ 28.Kxa3 Qxc1+
29.Kb4 Qe1+ 30.Ka3 Qc1+  1/2-1/2

[Event "Bucharest Cup IM"]
[Site "Bucharest"]
[Date "1998.??.??"]
[Round "?"]
[White "Ionescu, Doru Alexandru"]
[Black "Leskur, Dejan"]
[Result "1-0"]
[WhiteElo "2250"]
[BlackElo "2380"]

1.d4 Nf6 2.Bg5 e6 3.e4 h6 4.Bxf6 Qxf6 5.Nc3 d6 6.Qd2 g5 7.O-O-O Bg7 8.e5 dxe5
9.dxe5 Qe7 10.f4 Bd7 11.Nf3 gxf4 12.Qxf4 Nc6 13.Ne4 O-O-O 14.h4 Nb8 15.g4 Bc6
16.Bg2 Nd7 17.g5 hxg5 18.hxg5 Rxh1 19.Rxh1 Qb4 20.Nd6+  1-0

[Event "Bucharest Cup GM"]
[Site "Bucharest"]
[Date "1998.??.??"]
[Round "?"]
[White "Benkovic, Petar"]
[Black "Iordachescu, Viorel"]
[Result "1/2-1/2"]
[WhiteElo "2310"]
[BlackElo "2515"]

1.d4 Nf6 2.Bg5 e6 3.e4 h6 4.Bxf6 Qxf6 5.Nc3 d6 6.Qd2 Nc6 7.O-O-O a6 8.f4 g5
9.g3 Bd7 10.e5 dxe5 11.fxe5 Qe7 12.Bg2 O-O-O 13.Ne4 Be8 14.Qe3 Qb4 15.Ne2 Na5
16.Qc3 Nc4 17.Qxb4 Bxb4 18.Rd3 Bc6 19.Rf1 Rhf8 20.b3 Ba3+ 21.Kb1 Nb6 22.N2c3 Bb4
23.Bf3 Nd7 24.Bg4 b5 25.Rf2 Kb7 26.Kb2 Be7 27.a3 a5 28.Nd2 b4 29.axb4 axb4
30.Nce4 f5 31.exf6 Nxf6 32.Rxf6 Rxf6 33.Nxf6 Bxf6 34.Bxe6 Rxd4 35.Rxd4 Bxd4+
36.Kc1 Bg1 37.h4 gxh4 38.gxh4 Be8 39.Nf3 Be3+ 40.Kd1 Bg6 41.Ne5 Be4 42.Ke2 Bd4
43.Nd3 c5 44.Bg4 Kc7 45.Bf3 Bf5 46.Ba8 Kd6 47.Kf3 Bg6 48.Kg4 Bc3 49.h5 Bh7
50.Bf3 Bd2 51.Kg3 Be3 52.Bb7 Ke6 53.Kf3 Bg1 54.Be4 Bf5 55.Nf4+ Ke5 56.Bxf5 Kxf5
57.Ne2 Bd4 58.Nxd4+ cxd4 59.Ke2 Ke4 60.Kd2 d3 61.cxd3+ Kd4 62.Kc2 Ke3 63.d4 Kxd4
64.Kd2 Ke4 65.Ke2  1/2-1/2

[Event "Cappelle op"]
[Site "Cappelle la Grande"]
[Date "1998.??.??"]
[Round "2"]
[White "Eliet, Nicolas"]
[Black "Vaillant, Stephane"]
[Result "1-0"]
[WhiteElo "2355"]
[BlackElo "2135"]

1.d4 Nf6 2.Bg5 e6 3.Nd2 d5 4.e3 c5 5.c3 Nc6 6.f4 Be7 7.Bd3 cxd4 8.exd4 Qc7
9.Nh3 Bd7 10.O-O a6 11.Qe2 O-O 12.Nf3 b5 13.a3 Rfe8 14.Ne5 Bc8 15.Rae1 Na5
16.Bxf6 Bxf6 17.Ng5 Bxg5 18.fxg5 Rf8 19.Bxh7+ Kxh7 20.Qh5+ Kg8 21.g6  1-0

[Event "Ceske Budejovice op"]
[Site "Ceske Budejovice"]
[Date "1998.??.??"]
[Round "?"]
[White "Starostits, Andris"]
[Black "Jurek, Josef"]
[Result "1-0"]
[WhiteElo "2140"]
[BlackElo "2390"]

1.d4 Nf6 2.Bg5 e6 3.c3 c5 4.e3 b6 5.Bd3 Ba6 6.Ne2 Bxd3 7.Qxd3 Be7 8.O-O d5
9.Nd2 O-O 10.e4 Nc6 11.e5 Nd7 12.Bxe7 Qxe7 13.f4 cxd4 14.cxd4 Rfc8 15.a3 a5
16.f5 exf5 17.Rxf5 Nf8 18.Raf1 Nd8 19.Nc3 Qd7 20.Qf3 Nfe6 21.Qxd5 Qxd5 22.Nxd5 Rc2
23.Nxb6 Nxd4 24.R5f2 Ra7 25.Ndc4 Rxf2 26.Kxf2 N8c6 27.Rd1 f6 28.exf6 gxf6
29.Nd5 Kf7 30.Nc3 Nb3 31.Rd6 Ncd4 32.Nd5 f5 33.Ne5+ Kg7 34.Rd7+ Rxd7 35.Nxd7 Kf7
36.Ne3 Ke6 37.Nf8+ Kf7 38.Nxh7 Ne6 39.h4 Kg6 40.Ng5 Nxg5 41.hxg5 Kxg5 42.Nd5 f4
43.Ke2 Kf5 44.Kd3 Ke5 45.Ne7 Ke6 46.Kc3 a4 47.Nc8 Nc5 48.Kc4 Nd7 49.Kd4 Kf5
50.Kd5 Nf6+ 51.Kd4 Kg4 52.Ne7 Kg3 53.Ng6 Ng4 54.Kc4 Ne3+ 55.Kb4 Nd1 56.Kxa4 Nxb2+
57.Kb3 Nd3 58.Kc3 Nc5 59.Kc4 Na4 60.Kb4 Nb6 61.Kc5 Na4+ 62.Kd4 Kg4 63.Ke5 Nb6
64.Ke4 Nc4 65.a4 Nd2+ 66.Kd3 Nb3 67.Kc4 Na5+ 68.Kb4 Nc6+ 69.Kb5 Nd4+ 70.Kc4 Nc6
71.Kc5 Na5 72.Kd5 Kg3 73.Ke4 Nb3 74.Ke5 Nc5 75.a5 Nd3+ 76.Kf5 Nb4 77.Nxf4 Na6
78.Ke5 Nb4 79.Ke4 Na6 80.Nd3 Kxg2 81.Kd5 Kf3 82.Kc6 Ke3 83.Kb7  1-0

[Event "Dos Hermanas op"]
[Site "Dos Hermanas"]
[Date "1998.??.??"]
[Round "6"]
[White "Ehlvest, Jaan"]
[Black "Franco Ocampo, Zenon"]
[Result "1/2-1/2"]
[WhiteElo "2610"]
[BlackElo "2465"]

1.d4 Nf6 2.Bg5 e6 3.e4 h6 4.Bxf6 Qxf6 5.Nc3 d6 6.Qd2 Nd7 7.f4 a6 8.Nf3 Qd8
9.O-O-O b5 10.e5 Bb7 11.d5 exd5 12.Nxd5 dxe5 13.Re1 Bc5 14.fxe5 Nb6 15.Nxb6 Qxd2+
16.Kxd2 Bxb6 17.Bd3 O-O-O  1/2-1/2

[Event "Dresden zt"]
[Site "Dresden"]
[Date "1998.??.??"]
[Round "10"]
[White "Gallagher, Joseph G"]
[Black "Wahls, Matthias"]
[Result "0-1"]
[WhiteElo "2490"]
[BlackElo "2605"]

1.d4 Nf6 2.Bg5 e6 3.e4 h6 4.Bxf6 Qxf6 5.c3 d6 6.Bd3 g6 7.Ne2 Bg7 8.O-O O-O
9.f4 Nd7 10.e5 Qe7 11.Nd2 b6 12.Ng3 Bb7 13.Qe2 Rad8 14.Rad1 Nb8 15.exd6 Qxd6
16.Nc4 Qd7 17.Qg4 Nc6 18.Rf2 Qe8 19.Qe2 Ba6 20.Ne3 Bxd3 21.Qxd3 Ne7 22.Qc4 Qd7
23.Rfd2 c6 24.Qf1 Nd5 25.Qf2 Qc7 26.Ne2 b5 27.Ng4 Rc8 28.Rd3 Rfe8 29.Rh3 h5
30.Ne5 c5 31.Nd3 cxd4 32.Nxd4 Qb8 33.a3 Red8 34.Re1 a5 35.Ne5 Qb6 36.Rg3 Nc7
37.Rd3 Qb7 38.Qe2 Nd5 39.g3 b4 40.axb4 axb4 41.cxb4 Nxb4 42.Rdd1 Qa7 43.Qf2 Bf8
44.Nb3 Qxf2+ 45.Kxf2 Rc2+ 46.Kf3 Rxd1 47.Rxd1 Rxb2 48.Nd2 Nd5 49.Nf1 Bg7
50.Nc4 Rb3+ 51.Nfe3 Bf6 52.Rd2 g5 53.Ke2 Nc3+ 54.Kf3 gxf4 55.Kxf4 Bg7 56.Kf3 Nd5
57.Ke2 Nxe3 58.Rd8+ Kh7 59.Nxe3 Rb2+ 60.Kf3 Rxh2 61.Rd7 Kg6 62.Ng2 Be5 63.Rd3 Rh1
64.Ke4 Bc7 65.Rc3 f5+ 66.Kf3 Be5 67.Rc6 Kf6 68.Ne3 Kf7 69.Nc4 Bd4 70.Nd6+ Ke7
71.Nb5 Bb2 72.Rc7+ Kf6 73.Nd6 Bd4 74.Rf7+ Kg6 75.Re7 Re1 76.Nc4 Re4 77.Re8 Bc5
78.Nd2 Re3+ 79.Kf2 Rc3+ 80.Ke2 Kf6 81.Rc8 Re3+ 82.Kf1 Bb4  0-1

[Event "FIN-chT9899"]
[Site "FIN"]
[Date "1998.??.??"]
[Round "1"]
[White "Puranen, Jukka"]
[Black "Hokkanen, Petri"]
[Result "0-1"]
[WhiteElo "2310"]
[BlackElo "2225"]

1.d4 Nf6 2.Bg5 e6 3.e3 c5 4.c3 cxd4 5.exd4 Be7 6.Bd3 O-O 7.Nf3 b6 8.h4 Ba6
9.Bxf6 Bxf6 10.Ng5 Bxd3 11.Qxd3 g6 12.Ne4 d5 13.Nxf6+ Qxf6 14.h5 e5 15.dxe5 Qxe5+
16.Kf1 Nd7 17.Nd2 Rfe8 18.hxg6 fxg6 19.Nf3 Qe4 20.Rd1 Nf6 21.Ng5 Qg4 22.Nf3 Re4
23.Rh4 Qc8 24.Rh3 Qg4 25.Rh4 Qc8 26.Kg1 Qf5 27.Rxe4 dxe4 28.Qc4+ Kh8 29.Nh2 Rf8
30.Qd4 Rf7 31.Rd2 h5 32.c4 Kh7 33.Nf1 h4 34.Ne3 Qg5 35.Nd5 Ng4 36.Rc2 h3
37.Qc3 h2+ 38.Kh1 Nxf2+ 39.Rxf2 Rxf2 40.Qh3+ Kg7 41.Ne3 Rf7  0-1

[Event "FIN-chT9899"]
[Site "FIN"]
[Date "1998.??.??"]
[Round "3"]
[White "Maki Uuro, Miikka"]
[Black "Holmsten, Aleksei"]
[Result "1-0"]
[WhiteElo "2315"]
[BlackElo "2425"]

1.d4 Nf6 2.Bg5 e6 3.e4 d5 4.exd5 exd5 5.Nf3 Be7 6.Bd3 O-O 7.Nbd2 Re8 8.O-O Bg4
9.c3 Nbd7 10.Qb3 Rb8 11.Rae1 Bh5 12.Bf5 Bg6 13.Bxd7 Qxd7 14.Ne5 Qd6 15.Bf4 Qd8
16.h3 Bd6 17.Re3 Bxe5 18.Bxe5 Nd7 19.Rfe1 Nxe5 20.Rxe5 Rxe5 21.Rxe5 c6 22.Qa3 a6
23.Re7 h6 24.Nf1 Bf5 25.Ne3 Be6 26.f4 g6 27.g4 Kg7 28.f5 Kf6 29.g5+ hxg5
30.Ng4+ Kxf5 31.c4  1-0

[Event "FIN-chT9899"]
[Site "FIN"]
[Date "1998.??.??"]
[Round "4"]
[White "Puranen, Jukka"]
[Black "Saastamoinen, Aarne"]
[Result "1-0"]
[WhiteElo "2310"]
[BlackElo "2225"]

1.d4 Nf6 2.Bg5 e6 3.e3 Be7 4.Bd3 d5 5.Nd2 Nbd7 6.f4 b6 7.Qf3 a5 8.c3 Ba6
9.Bc2 Rc8 10.Ne2 c5 11.O-O h6 12.Bxf6 Bxf6 13.Rfc1 g6 14.Ng3 cxd4 15.exd4 O-O
16.Qg4 Bg7 17.Nf3 b5 18.Bxg6 Nf6 19.Qh3 Qd6 20.Bd3 Qxf4 21.Re1 Qg4 22.Qxg4 Nxg4
23.a4 Rb8 24.h3 Nf6 25.Ne5 Rb6 26.axb5 Bxb5 27.Rxa5 Bxd3 28.Nxd3 Rc8 29.Re2 Nd7
30.Ra7 Nb8 31.Rf2 Rf8 32.Nh5 Nc6 33.Rd7 Nb8 34.Rc7 Bh8 35.Nf6+ Bxf6 36.Rxf6 Kg7
37.Rf2 Nc6 38.Nc5 Nb8 39.Ra7 Rc6 40.b4 Kg6 41.Rf3 Kg7 42.Kf2 Rd6 43.Ke3 Kg6
44.Nd3 Nc6 45.Ra6  1-0

[Event "BCF-chT2 97/98"]
[Site "GBR"]
[Date "1998.??.??"]
[Round "5"]
[White "Vigus, James"]
[Black "Williams, Leighton"]
[Result "1-0"]
[WhiteElo "2260"]
[BlackElo "2240"]

1.d4 Nf6 2.Bg5 e6 3.e4 c5 4.e5 h6 5.Bc1 Nd5 6.c4 Nb6 7.dxc5 Bxc5 8.Qg4 Kf8
9.Nf3 d6 10.Bf4 Nc6 11.Nc3 dxe5 12.Nxe5 Qd4 13.Qg3 g5 14.Be3 Qxe5 15.Qxe5 Nxe5
16.Bxc5+ Kg7 17.Bd4 Nd7 18.Nb5 b6 19.O-O-O a6 20.Nd6 a5 21.Be2 f6 22.Rhe1 Ba6
23.Bf1 Ra7 24.b3 Rc7 25.Kb2 a4 26.g3 Bb7 27.Nxb7 Rxb7 28.Bg2 Rc7 29.Re4 g4
30.Bc3 Rhc8 31.Rd6 b5 32.Rxe6 Kf7 33.Rd6 bxc4 34.b4 Nd3+ 35.Kc2 N7e5 36.a3 Rb8
37.Bxe5 Nxe5 38.Rf4 Nd7 39.Rxg4 Rb5 40.Bc6 Ne5 41.Bxb5 Nxg4 42.Rd7+  1-0

[Event "Oberliga Ost B9899"]
[Site "GER"]
[Date "1998.??.??"]
[Round "?"]
[White "Bletz, Harald"]
[Black "David, Gundula"]
[Result "1-0"]
[WhiteElo "2300"]
[BlackElo "2080"]

1.d4 Nf6 2.Bg5 e6 3.Nd2 Be7 4.e4 b6 5.e5 Nd5 6.Bxe7 Nxe7 7.Bd3 Bb7 8.Qg4 O-O
9.Ne4 Bxe4 10.Qxe4 g6 11.Qxa8 Nec6 12.Nf3 Qe7 13.O-O Kg7 14.Qb7 Qd8 15.b4 d5
16.exd6 Qxd6 17.b5 Nxd4 18.Nxd4 Qxd4 19.Qxc7 Nd7 20.Rae1 Nf6 21.Rxe6 Qg4
22.Rfe1 Nh5 23.h3 Qb4 24.Qe5+ Kg8 25.c3 Qa3 26.Re8 Ng7 27.Rxf8+ Qxf8 28.Qe7 Qc8
29.Bc4 Qxc4 30.Qd8+ Ne8 31.Rxe8+ Kg7 32.Rg8+ Kh6 33.Qd2+ Kh5 34.g4+  1-0

[Event "BL2-S9798"]
[Site "Germany"]
[Date "1998.??.??"]
[Round "?.3"]
[White "Riedel, Wolfgang"]
[Black "Ksieski, Zbigniew"]
[Result "1-0"]
[WhiteElo "2355"]
[BlackElo "2390"]

1.d4 Nf6 2.Bg5 e6 3.Nc3 c5 4.d5 Qb6 5.Bxf6 gxf6 6.Rb1 f5 7.e3 Bg7 8.Nge2 d6
9.g3 Nd7 10.dxe6 fxe6 11.Nf4 Nf6 12.Bb5+ Kf7 13.O-O d5 14.Be2 Rd8 15.Na4 Qc7
16.c4 dxc4 17.Qc2 b5 18.Nc3 a6 19.Rbe1 Bb7 20.f3 Bh6 21.Ng2 Nd5 22.Nxd5 Rxd5
23.Rd1 Rad8 24.Rxd5 Rxd5 25.g4 Qd7 26.Rf2 Rd2 27.Qb1 Rxe2 28.Rxe2 Bxf3 29.Rf2 Bxg4
30.e4 Qd3 31.Qe1 b4 32.exf5 Bxf5 33.Qe5 Qd1+ 34.Ne1 Qg4+ 35.Kf1 Qh3+ 36.Ke2 Qg4+
37.Kf1 Bf8 38.Nf3 Qh3+ 39.Ke1 Be7 40.Qc7 c3 41.Ng5+ Kf6 42.Nxh3 cxb2 43.Rxb2 Bxh3
44.Rd2  1-0

[Event "BL2-N9798"]
[Site "Germany"]
[Date "1998.??.??"]
[Round "4.4"]
[White "Jugelt, Tobias"]
[Black "Mattick, Lutz"]
[Result "0-1"]
[WhiteElo "2370"]
[BlackElo "2285"]

1.d4 Nf6 2.Bg5 e6 3.Nd2 h6 4.Bh4 c5 5.e3 Nc6 6.c3 d5 7.Bg3 Bd6 8.Ngf3 O-O
9.Bd3 b6 10.Ne5 Bxe5 11.dxe5 Nd7 12.f4 f5 13.exf6 Qxf6 14.O-O Ne7 15.e4 Bb7
16.Qg4 c4 17.Bc2 Nc5 18.Bh4 Qg6 19.Qh3 Rae8 20.f5 exf5 21.exf5 Qh5 22.f6 Ng6
23.Qg3 Nd3 24.Bd1 Qxh4 25.Qxg6 Rf7 26.g3 Qg5 27.Qxg5 hxg5 28.Bh5 gxf6 29.Bxf7+ Kxf7
30.Nf3 Kg6 31.b3 Re2 32.Nd4 Rb2 33.Rf3 Bc8 34.Re3 Bg4 35.b4 Nf2 36.Ne2 Nh3+
37.Kf1 f5 38.Ke1 f4 39.gxf4 gxf4 40.Rxh3 Rxe2+ 41.Kf1 Rc2 42.Rh8 f3 43.Rd1 Bf5
44.Rf8 Be4 45.Ke1 Re2+ 46.Kf1 Rxh2 47.Rd4 Rxa2 48.Rf4 Re2 49.b5 Kg5  0-1

[Event "NRW-Liga 9798"]
[Site "Germany"]
[Date "1998.??.??"]
[Round "5"]
[White "Schuermann, Thomas"]
[Black "Brenke, Andreas"]
[Result "1/2-1/2"]
[WhiteElo "2250"]
[BlackElo "2275"]

1.d4 Nf6 2.Bg5 e6 3.e4 h6 4.Bxf6 Qxf6 5.Nc3 d6 6.Qd2 g5 7.O-O-O Bd7 8.g3 h5
9.Bg2 Nc6 10.Kb1 O-O-O 11.f4 gxf4 12.Qxf4 Qg6 13.Nge2 e5 14.Qf2 Kb8 15.Nd5 Bg7
16.dxe5 Bxe5 17.Rhf1 Rdf8 18.Nef4 Qg7 19.Nd3 Bd4 20.Qd2 Qg6 21.N3b4 Nxb4
22.Qxb4 Bc5 23.Qa5 Bb6 24.Nxb6 axb6 25.Qc3 Bc6 26.Rf6 Qg7 27.Rdf1 Rh7 28.Qf3 Qg5  1/2-1/2

[Event "Haarlem AKN op"]
[Site "Haarlem"]
[Date "1998.??.??"]
[Round "5"]
[White "Winants, Luc"]
[Black "Szekely, Peter"]
[Result "1/2-1/2"]
[WhiteElo "2515"]
[BlackElo "2475"]

1.d4 Nf6 2.Bg5 e6 3.Nd2 c5 4.e3 cxd4 5.exd4 Be7 6.Bd3 b6 7.Ngf3 Bb7 8.c3 d6
9.O-O Nbd7 10.Re1 O-O 11.Nc4 Re8 12.Bf4 Qc7 13.Bg3 Nh5 14.Ne3 g6 15.Bc4 Rad8
16.a4 Nxg3 17.hxg3 Nf6 18.Qb3 Bf8 19.Bb5 Re7 20.Bc4 Bh6 21.Rad1 Kg7 22.Bf1 Rc8
23.Nh2 Bxe3 24.Rxe3 h5 25.Ree1 Bc6 26.Be2 Qb7 27.Bf3 Bxf3 28.Nxf3 Qd5 29.Qc2 Rec7
30.Qe2 Qc4 31.Qxc4 Rxc4 32.Ra1 a6 33.Kf1 Kf8 34.Ke2 R4c7 35.Ra3 Ke7 36.Rea1 Nd7
37.Ne1 Ra7 38.Nd3 Raa8 39.Rh1 Rab8 40.Re1 Ra8 41.Kd2 Kd8 42.f3 Nf6 43.Nf4 Kd7
44.Rb3 Rab8 45.Ra1 g5 46.Nd3 g4 47.Ke2 Rg8 48.Kf2 Kc7 49.Nf4 gxf3 50.gxf3  1/2-1/2

[Event "HUN-chT2 9798"]
[Site "HUN"]
[Date "1998.??.??"]
[Round "?"]
[White "Deak, Sandor"]
[Black "Filep, Tibor"]
[Result "1/2-1/2"]
[WhiteElo "2335"]
[BlackElo "2245"]

1.d4 Nf6 2.Bg5 e6 3.e4 Be7 4.Bxf6 Bxf6 5.e5 Be7 6.Qg4 g6 7.Nc3 d5 8.h4 h5
9.Qf4 a6 10.Nf3 c5 11.dxc5 Bxc5 12.O-O-O Qc7 13.g3 Nc6 14.Bh3 b5 15.Rhe1 Be7
16.Ng5 Bxg5 17.hxg5 b4 18.Qf6 Rg8 19.Nxd5 exd5 20.e6 Bxe6 21.Bxe6 fxe6 22.Qxe6+ Kf8
23.Qf6+ Qf7 24.Qxc6 Kg7 25.Rxd5 Rac8 26.Qd6 Rge8 27.Rde5 Red8 28.Qxd8 Rxd8
29.Re7 Rd5 30.Rxf7+ Kxf7 31.f4 Rd6 32.Re4 a5 33.Re5 a4 34.Rb5 b3 35.axb3 axb3
36.cxb3  1/2-1/2

[Event "HUN-chT9899"]
[Site "HUN"]
[Date "1998.??.??"]
[Round "?"]
[White "Kallai, Gabor"]
[Black "Petran, Pal"]
[Result "1/2-1/2"]
[WhiteElo "2505"]
[BlackElo "2395"]

1.d4 Nf6 2.Bg5 e6 3.e4 h6 4.Bxf6 Qxf6 5.Nc3 Bb4 6.Qd2 c5 7.a3 cxd4 8.axb4 dxc3
9.Qxc3 Qxc3+ 10.bxc3 b6 11.Nf3 Bb7 12.Bd3 Ke7 13.Kd2 a6 14.Nd4 Nc6 15.Nxc6+ Bxc6
16.Ra3 a5 17.Rha1 axb4 18.cxb4 Rxa3 19.Rxa3 Ra8 20.Rxa8 Bxa8 21.f4 f6 22.Ke3 d6
23.Bb5 Bb7 24.g3 e5 25.Bc4 Bc6 26.Bg8 Ba4 27.c3 Bc6 28.c4 Bb7 29.Bd5 Bxd5
30.cxd5 g6 31.fxe5 fxe5 32.Kf3 h5 33.g4 Kf6 34.Kg3 Kg5 35.h4+ Kf6 36.Kh3 b5
37.Kg3 Kf7 38.Kf3 Kf6 39.Kg3 Kf7 40.Kf3 Kf6 41.g5+  1/2-1/2

[Event "HUN-chT 9798"]
[Site "Hungary"]
[Date "1998.??.??"]
[Round "?"]
[White "Puschmann, Laszlo"]
[Black "Tamas, Norbert"]
[Result "1-0"]
[WhiteElo "2280"]
[BlackElo "2150"]

1.d4 Nf6 2.Bg5 e6 3.e3 h6 4.Bf4 b6 5.Nf3 Bb7 6.Nbd2 Be7 7.h3 O-O 8.Bd3 d5
9.O-O Nbd7 10.a4 c5 11.c3 Rc8 12.Qe2 Ne4 13.Ne5 Nxd2 14.Qxd2 Nxe5 15.Bxe5 Bd6
16.f4 f6 17.Bxd6 Qxd6 18.Qe2 e5 19.Bf5 Rce8 20.Qh5 Bc8 21.Bg6 Re7 22.fxe5 fxe5
23.Bh7+ Kxh7 24.Rxf8 Ba6 25.Qf5+ Qg6 26.Rh8+  1-0

[Event "Klatovy op-B"]
[Site "Klatovy"]
[Date "1998.??.??"]
[Round "?"]
[White "Dungl, P."]
[Black "Jina, L."]
[Result "1/2-1/2"]
[WhiteElo "1765"]
[BlackElo "1905"]

1.d4 Nf6 2.Bg5 e6 3.e4 Be7 4.e5 Nd5 5.Bxe7 Nxe7 6.Nf3 b6 7.Be2 Bb7 8.O-O O-O
9.Nbd2 d6 10.c3 Nd7 11.exd6 cxd6 12.Bd3 Nf6 13.Qc2 h6 14.Ne4 Nfd5 15.Rfe1 Rc8
16.a3 Nf4 17.Bf1 Nf5 18.Qd2 Ng6 19.Qd1 Nfh4 20.Nxh4 Nxh4 21.Ng3 Rc7 22.Rc1 Qg5
23.Qh5 Qd8 24.c4 Ng6 25.Qd1 Qa8 26.f3 Nh4 27.Re3 Re7 28.Rec3 Rc8 29.b4 Ng6
30.Qd2 Rd7 31.Bd3 Nf8 32.Be4 d5 33.cxd5 Rxc3 34.Rxc3 Bxd5 35.Bxd5 Qxd5 36.Ne2 e5
37.Rd3 Ne6 38.Nc3 Qc4 39.d5 Nf4 40.Re3 Qd4 41.Qxd4 exd4 42.Re8+ Kh7 43.Nd1 Nxd5
44.Kf1 Nf4 45.g3 Ne6 46.Ke2 Kg6 47.Kd2 Kf5 48.Nf2 Nc7 49.Re4 Nb5 50.Rf4+ Ke6
51.a4 Nc3 52.a5 f5 53.g4 g6 54.gxf5+ gxf5 55.Rh4 bxa5 56.bxa5 Ke5 57.Nd3+ Kd5
58.Rxh6 Nb5  1/2-1/2

[Event "MK Cafe Cup-B"]
[Site "Koszalin"]
[Date "1998.??.??"]
[Round "5"]
[White "Ilczuk, Piotr"]
[Black "Lukasiewicz, Anna"]
[Result "1/2-1/2"]
[WhiteElo "2280"]
[BlackElo "2125"]

1.d4 Nf6 2.Bg5 e6 3.e4 h6 4.Bxf6 Qxf6 5.Nf3 d5 6.e5 Qd8 7.c3 c5 8.Bd3 Nc6
9.O-O Qb6 10.Qe2 c4 11.Bc2 Qxb2 12.Nh4 Qxa1 13.Ba4 Bd7 14.Qd2 Nxe5 15.Bxd7+ Nxd7
16.Qc2 Be7 17.Nf3 b5 18.Nbd2 Qxf1+ 19.Nxf1 O-O 20.g4 a5 21.h4 b4 22.g5 hxg5
23.Nxg5 Bxg5 24.hxg5 b3 25.axb3 cxb3 26.Qxb3 Rfb8 27.Qa3 a4 28.g6 fxg6 29.Nd2 Nf6
30.Kg2 Nh5 31.Nf3 Nf4+ 32.Kg3 Rb3 33.Qe7 Rf8 34.Ng5 Rxc3+ 35.Kh2 Rc6 36.Qd7 Ra6
37.Qb7 Raa8 38.Qc6 a3 39.Nxe6 Nxe6 40.Qxe6+ Rf7 41.Qxd5 Ra7 42.Qd8+ Rf8 43.Qd5+ Kh7
44.Kg3 Rf5 45.Qa2 Raa5 46.f4 Rfb5 47.Qh2+ Rh5 48.Qa2 Rh1 49.Kg4 Rg1+ 50.Kf3 Rh5
51.d5 Rd1 52.Kg4 Rd3 53.d6 Rhd5 54.Qh2+ Kg8 55.Qa2 Kf8 56.Qc2 Rxd6 57.Qc8+ Kf7
58.Qc4+ R6d5 59.Qa6 Rd6 60.Qc4+ Kf8 61.Qc8+ Rd8 62.Qa6 Kg8 63.Qxg6 R3d5 64.Qa6 Rd3
65.Qa4 R8d7 66.Qa6 Kf7 67.Qc4+ Ke7 68.Qa4 Kd8 69.Qa8+ Kc7 70.Qa7+ Kc6 71.Qa6+ Kc5
72.Qa4 R7d4 73.Qa5+ Kc4 74.Qa4+ Kd5 75.Qb5+ Kd6 76.Qb6+ Ke7 77.Qb7+ Rd7 78.Qa6 Kd8
79.Qb6+  1/2-1/2

[Event "Leon op"]
[Site "Leon"]
[Date "1998.??.??"]
[Round "3"]
[White "Bellon Lopez, Juan Manuel"]
[Black "Gonzalez de la Nava, Amador"]
[Result "1-0"]
[WhiteElo "2455"]
[BlackElo "2365"]

1.d4 Nf6 2.Bg5 e6 3.e3 c5 4.Nf3 d5 5.Nbd2 Be7 6.c3 Nbd7 7.Bd3 b6 8.Qe2 Bb7
9.Bxf6 Bxf6 10.h4 Qc7 11.O-O-O cxd4 12.exd4 O-O-O 13.Kb1 Kb8 14.Ng5 Nf8 15.g3 h6
16.Ngf3 Nd7 17.Rhe1 g5 18.h5 Rhg8 19.Nf1 Bg7 20.N1h2 Nf6 21.Nd2 Bf8 22.Qf3 Be7
23.Ng4 Nxg4 24.Qxg4 Bd6 25.Qf3 g4 26.Qf6 Qe7 27.Qxe7 Bxe7 28.Nf1 Rg5 29.Ne3 a5
30.Rh1 Ka7 31.Rde1 Ba6 32.Bc2 Rdg8 33.Kc1 Bd8 34.Kd1 Kb7 35.Ng2 Kc7 36.Kd2 Kd6
37.Rh2 R5g7 38.Bd1 Bg5+ 39.Kc2 f5 40.Rhh1 Bb5 41.Be2 Be8 42.Bd3 Re7 43.Re5 Bf6
44.Re2 Bg5 45.Kd1 Rgg7 46.Ree1 Rg8 47.Kc2 Rc7 48.Re2 Re7 49.Kb3 Rgg7 50.a4 Rg8
51.Ka3 Rf8 52.Bc2 f4 53.gxf4 Bxf4 54.Bg6 Bg5 55.Bxe8 Rexe8 56.Rg1 e5 57.Ne3 Bxe3
58.Rxe3 exd4 59.Rxe8 Rxe8 60.Rxg4 dxc3 61.bxc3 Re6 62.Rf4 Ke5 63.Rf8 Rf6
64.Rh8 Ke4 65.Kb3 Kf3 66.Rd8 Kxf2 67.Rxd5 Kg3 68.Kc4 Kf4 69.Kb5 Ke4 70.c4 Re6
71.Rd8 Rf6 72.Rg8 Kd4 73.Rg4+ Kc3 74.Re4 Kd3 75.Re5 Kd4 76.Rd5+ Kc3 77.c5 bxc5
78.Kxc5 Rf8 79.Kb5 Rb8+ 80.Kxa5 Kc4 81.Rd6 Kc5 82.Rxh6 Rf8 83.Ra6 Rf5 84.h6  1-0